Statistics for General Knollewdge #2

Click here to take the quiz!

General Stats

  • This quiz has been taken 27 times
  • The average score is 3 of 17

Answer Stats

HintAnswer% Correct
What Did Mount Vesuviuses Last Eruption Destroy?Pompeii
85%
Which Language Do Brazilians Speak?Portuguese
60%
Type In All The AlphabetsAbcdefghijklmnopqrstuvwxyz
35%
Biggest City By Area?New York City
25%
Which Is The Gadget. Playstation Plus Or Mac?Mac
20%
What is the wrong punctuation in this sentence.Full - Stop
15%
What Americans Called IsleIsland
15%
Country That Has More Than 3 VolcanoesIceland
10%
What Is The Least Popular Purple Vegetable / FruitFig
5%
Where Did Ann Frank Live in?Israel
5%
What Do Newspaper Reports Always Use?Newspaper Report Language
5%
Name 1 Famous Italian DishSpaghetti / Pasta
5%
How Big Is China By Population?1,381,920,000
0%
Who Is The Most Famous Woman In The World?Marilyn Monroe
0%
Whats The Most Popular Book Written By David WalliamsMidnight Gang
0%
What Is This Punctuation |Vertical Bar
0%
Fruit Beggening With zZucini
0%

Score Distribution

Percentile by Number Answered

Percent of People with Each Score

Your Score History

You have not taken this quiz